| 000 | 00388nam a22001697a 4500 | ||
|---|---|---|---|
| 999 |
_c4448 _d4447 |
||
| 005 | 20211217141554.0 | ||
| 008 | 160628b xxu||||| |||| 00| 0 eng d | ||
| 020 | _a81-7224-719-2 | ||
| 041 | _aeng | ||
| 082 | _b10588 | ||
| 100 |
_aTororav, Brondon _93065 |
||
| 245 | _aLast minuet interview tips | ||
| 260 |
_bJaico _c2010 |
||
| 300 | _a121 | ||
| 650 |
_aManagement _9241 |
||
| 942 | _cBK | ||